Teatro mexicano (Record no. 145556)
[ view plain ]
| 000 -LEADER | |
|---|---|
| campo de control de longitud fija | 01291nam a2200253 i 4500 |
| 001 - NÚMERO DE CONTROL | |
| campo de control | 145556 |
| 003 - IDENTIFICADOR DE NÚMERO DE CONTROL | |
| campo de control | ES-MaACL |
| 005 - FECHA Y HORA DE LA ÚLTIMA TRANSACCIÓN | |
| campo de control | 20250920063102.0 |
| 007 - CAMPO FIJO DE DESCRIPCIÓN FÍSICA--INFORMACIÓN GENERAL | |
| campo de control de longitud fija | t| |
| 008 - DATOS DE LONGITUD FIJA--INFORMACIÓN GENERAL | |
| campo de control de longitud fija | 071015m19601961sp |||| | spa d |
| 100 1# - ENTRADA PRINCIPAL--NOMBRE DE PERSONA | |
| Nombre de persona | Vetancurt, Agustín de, |
| Fechas asociadas al nombre | 1620-1700 |
| 9 (RLIN) | 114232 |
| 245 10 - MENCIÓN DEL TÍTULO | |
| Título | Teatro mexicano |
| Resto del título | : descripción breve de los sucesos exemplares de la Nueva España en el Nuevo Mundo Occidental de las Indias. |
| 260 ## - PUBLICACIÓN, DISTRIBUCIÓN, ETC. | |
| Lugar de publicación, distribución, etc. | Madrid : |
| Nombre del editor, distribuidor, etc. | José Porrua Turanzas, |
| Fecha de publicación, distribución, etc. | 1960-1961. |
| 300 ## - DESCRIPCIÓN FÍSICA | |
| Extensión | 4 v. ; |
| Dimensiones | 25 cm. |
| 505 8# - NOTA DE CONTENIDO CON FORMATO | |
| Nota de contenido con formato | Contiene: I. Sucesos naturales, Sucesos políticos. - II. De los sucesos militares de las armas. Tratado de la ciudad de México. Tratado de la ciudad de Puebla. - III. Chronica de la provincia del Santo Evangelio. - IV. Menologio franciscano de los varones más señalados que con sus vidas exemplares ilustran la provincia del santo Evangelio de México. Indice |
| 610 2# - PUNTO DE ACCESO ADICIONAL DE MATERIA--NOMBRE DE ENTIDAD CORPORATIVA | |
| Nombre de entidad corporativa o nombre de jurisdicción como elemento de entrada | Franciscanos- |
| Subdivisión geográfica | México. |
| 9 (RLIN) | 4177 |
| 650 14 - PUNTO DE ACCESO ADICIONAL DE MATERIA--TÉRMINO DE MATERIA | |
| Término de materia o nombre geográfico como elemento de entrada | Indios de México. |
| 9 (RLIN) | 157375 |
| 651 #4 - PUNTO DE ACCESO ADICIONAL DE MATERIA--NOMBRE GEOGRÁFICO | |
| Nombre geográfico | México- |
| Subdivisión general | Historia- |
| Subdivisión cronológica | Hasta 1517, Época prehispánica. |
| 9 (RLIN) | 153811 |
| 651 #4 - PUNTO DE ACCESO ADICIONAL DE MATERIA--NOMBRE GEOGRÁFICO | |
| Nombre geográfico | México- |
| Subdivisión general | Historia- |
| Subdivisión cronológica | 1517-1521, Descubrimiento y conquista. |
| 9 (RLIN) | 136484 |
| 651 #4 - PUNTO DE ACCESO ADICIONAL DE MATERIA--NOMBRE GEOGRÁFICO | |
| Nombre geográfico | México- |
| Subdivisión general | Historia eclesiástica. |
| 9 (RLIN) | 145336 |
| 852 ## - LOCALIZACIÓN | |
| Ubicación | ES-MaACL |
| Número de control de estantería | P-742 |
| 852 ## - LOCALIZACIÓN | |
| Ubicación | ES-MaACL |
| Número de control de estantería | P-798-6-9 |
| Estatus retirado | Estado de pérdida | Estado de daño | No para préstamo | Biblioteca de origen | Biblioteca actual | Ubicación en estantería | Fecha de adquisición | Fuente de adquisición | Total de préstamos | Signatura topográfica completa | Código de barras | Visto por última vez | Precio de reemplazo | Tipo de ítem Koha |
|---|---|---|---|---|---|---|---|---|---|---|---|---|---|---|
| Biblioteca del Ateneo de Madrid | Biblioteca del Ateneo de Madrid | Depósito 2 | 09/09/2019 | P-798-6-9 | 1201097 | 23/02/2023 | 23/02/2023 | Libro impreso | ||||||
| Biblioteca del Ateneo de Madrid | Biblioteca del Ateneo de Madrid | Depósito 2 | 17/01/2008 | P-742 | 1151934 | 23/02/2023 | 23/02/2023 | Libro impreso |
